000 00550cab a2200217 4500
001 X578
008 090401t1993 xxu||||| |||| 00| 0 eng d
035 _a(Sirsi) u97828
041 _aeng
100 _aHill, R.S.
245 _aIDOs - active, dormant or expired?
260 _c1993
350 _a0
490 _aCS Monthly : Minerals bulletin
_v2(7) April 1993, 2(1)
650 _aINTERIM DEVELOPMENT ORDERS
650 _aMPG9
690 _aMINING AND MINERALS
690 _aPLANNING LAW AND PRACTICE
942 _n0
948 _c04/03/1997
999 _c59709
_d59709